Statistieken voor Willekeurig Aziatisch Land naar Hoofdstad

Klik hier om de quiz te nemen!

Algemene statistieken

  • Deze quiz is 988 keer genomen
  • De gemiddelde score is 8 van 10

Antwoordstatistieken

LandHoofdstad% Correct
JapanTokio
99%
ChinaPeking
95%
TurkijeAnkara
94%
IndonesiëJakarta
94%
Zuid-KoreaSeoel
91%
IndiaNew Delhi
90%
IsraëlJeruzalem
87%
SingaporeSingapore
87%
IranTeheran
85%
MongoliëUlaanbaatar
85%
KoeweitKoeweit
84%
ThailandBangkok
83%
PakistanIslamabad
82%
FilipijnenManilla
82%
Noord-KoreaPyongyang
82%
Verenigde Arabische EmiratenAbu Dhabi
81%
VietnamHanoi
81%
Saoedi-ArabiëRiyad
80%
IrakBagdad
78%
SyriëDamascus
78%
AfghanistanKabul
77%
CyprusNicosia
77%
LibanonBeiroet
76%
AzerbeidzjanBakoe
74%
TaiwanTaipei
74%
MaleisiëKuala Lumpur
73%
BangladeshDhaka
71%
KazachstanAstana
70%
NepalKathmandu
70%
ArmeniëJerevan
69%
GeorgiëTbilisi
69%
MaldivenMalé
67%
OmanMasqat
67%
QatarDoha
64%
JordaniëAmman
62%
JemenSanaa
60%
LaosVientiane
53%
Sri LankaSri Jayewardenapura Kotte
52%
OezbekistanTasjkent
51%
KirgiziëBisjkek
50%
BahreinManamah
50%
CambodjaPhnom Penh
48%
Oost-TimorDili
47%
MyanmarNaypyidaw
46%
BhutanThimphu
46%
TadzjikistanDoesjanbe
35%
BruneiBandar Seri Begawan
34%
TurkmenistanAsjchabad
27%

Scoreverdeling

Percentiel versus Aantal Correcte Antwoorden

Procent van Mensen met Elke Score

Uw Scoregeschiedenis

U heeft deze quiz nog niet genomen